QCM des personnages qui n'existent pas... - Statistiques

Statistiques générales
  • Ce quiz a été pris 511 fois
  • Le résultat moyen est 6 sur 10
Statistiques - réponses
Question Réponse % Correct
Qui n'est pas une tortue Ninja ? Franklino
100%
Lequel de ces neveux de Donald n'existe pas ? Lili
100%
Qui ne travaille pas au Crabe Croustillant Monsieur Kroustillant
100%
Laquelle de ces maisons de Poudlard n'existe pas ? Serpentaire
100%
Lequel de ces Schtroumpfs n'existe pas ? Le cubalischtroumpf
89%
Laquelle de ces SuperNanas n'existe pas ? Rebulle
78%
Lequel de ces pokémons n'existe pas Lamasticot
33%
Laquelle de ces filles de Babar n'existe pas ? Myrtille
33%
Lequel de ces Animaniacs n'existe pas ? Wiko
11%
Lequel de ces X-Men n'existe pas dans X-men Evolution ? Kevin T Grals
0%
Aucun quiz correspondant
Distribution des résultats
% des personnes avec chaque résultat
Percentile par nombre de réponses
Votre historique - résultats
Vous n’avez pas pris ce quiz